Some British records and achievements : In science industry and technology

Uloženo v:
Podrobná bibliografie
Médium: Kniha
Jazyk:Undetermined
Vydáno: London Reference division central office of information 1967
Témata:
Tagy: Přidat tag
Žádné tagy, Buďte první, kdo otaguje tento záznam!
Thư viện lưu trữ: Trung tâm Học liệu Trường Đại học Cần Thơ
LEADER 00590nam a2200193Ia 4500
001 CTU_77394
008 210402s9999 xx 000 0 und d
082 |a 620 
082 |b S693 
245 0 |a Some British records and achievements : 
245 0 |b In science industry and technology 
245 0 |c Reference division central office of information 
260 |a London 
260 |b Reference division central office of information 
260 |c 1967 
650 |a Science 
650 |z Great britain 
904 |i Trọng Hải 
980 |a Trung tâm Học liệu Trường Đại học Cần Thơ